Identify the Performer from the Photo (mononymous) - Statistics

General Stats
  • This quiz has been taken 76 times
  • The average score is 14 of 16
Answer Stats
Picture Answer % Correct
Adele
98%
Beyoncé
96%
Eminem
94%
Pink
94%
Prince
94%
Rihanna
94%
Madonna
90%
Cher
86%
Pitbull
86%
Sia
86%
Drake
84%
Bono
82%
Seal
80%
Sting
80%
Usher
76%
Liberace
63%
No matching quizzes found
Score Distribution
Percent of People with Each Score
Percentile by Number Answered
Your Score History
You have not taken this quiz